On-chain a off-chain platobné systémy vo svete kryptomien a ich vplyv na rýchlosť a škálovateľnosť transakcií bakalárska práca

Salvato in:
Dettagli Bibliografici
Autore principale: Lauko, Zdenko
Ente Autore: Národohospodárska fakulta EU. Katedra bankovníctva a medzinárodných financií
Altri autori: Stanová, Barbora, 1989-
Natura: Libro
Lingua:slovacco
Pubblicazione: Bratislava 2022
Tags: Aggiungi Tag
Nessun Tag, puoi essere il primo ad aggiungerne!!

MARC

LEADER 00000nbm a2200000 4500
001 0285085
005 20221006133707.5
041 0 |a slo 
044 |a SK 
245 1 0 |a On-chain a off-chain platobné systémy vo svete kryptomien a ich vplyv na rýchlosť a škálovateľnosť transakcií  |b bakalárska práca  |c Zdenko Lauko ; školiteľ: Barbora Stanová 
264 1 |a Bratislava  |c 2022 
300 |a 44 s. 
100 1 |a Lauko, Zdenko 
700 1 |a Stanová, Barbora, 1989- 
710 2 |a Národohospodárska fakulta EU. Katedra bankovníctva a medzinárodných financií